Colonialism and the call to Jihad in British India / (Record no. 100198)
[ view plain ]
| 000 -LEADER | |
|---|---|
| fixed length control field | 01856nam a22002897a 4500 |
| 005 - DATE AND TIME OF LATEST TRANSACTION | |
| control field | 20160606125251.0 |
| 010 ## - LCCN (DPL NO) | |
| LC control number | ENG-115196 |
| 020 ## - INTERNATIONAL STANDARD BOOK NUMBER | |
| International Standard Book Number | 9789351502616 |
| Terms of availability | 695.00 |
| 035 ## - SYSTEM CONTROL NUMBER | |
| System control number | EN-98728 |
| 037 ## - SOURCE OF ACQUISITION | |
| Source of stock number/acquisition | DBAD/PUB |
| 043 ## - GEOGRAPHIC AREA CODE | |
| Geographic area code | a-ii--- |
| 082 00 - DEWEY DECIMAL CLASSIFICATION NUMBER | |
| Classification number | 954.08 |
| Edition number | 23 |
| 100 1# - MAIN ENTRY--PERSONAL NAME | |
| Personal name | Hasan, Tariq |
| 245 10 - TITLE STATEMENT | |
| Title | Colonialism and the call to Jihad in British India / |
| Statement of responsibility, etc | by Tariq Hasan |
| 260 ## - PUBLICATION, DISTRIBUTION, ETC. (IMPRINT) | |
| Place of publication, distribution, etc | New Delhi |
| Name of publisher, distributor, etc | SAGE Publications |
| Date of publication, distribution, etc | 2015 |
| 270 ## - ADDRESS | |
| Address | B1/I-1 Mohan Cooperative Industrial Area, Mathura Road |
| City | New Delhi |
| Postal code | 110044 |
| 300 ## - PHYSICAL DESCRIPTION | |
| Extent | 214p. |
| Dimensions | 23cm(Hb) |
| 500 ## - GENERAL NOTE | |
| General note | Includes bibliographical references (pages 204-207) and index. |
| 505 0# - FORMATTED CONTENTS NOTE | |
| Formatted contents note | Introduction: Forgotten pages from Indian history -- Empire and 19th century Jihad -- The Maulvi of Faizabad and the battle for Lucknow -- The Deoband connection : revolt and revivalism -- Deoband and the roots of the Khilafat movement -- The Silk Conspiracy Case, 1914-1916 -- The Ulema and the partition of India -- Conclusion: Colonialism and Jihad in the 21st century. |
| 520 2# - SUMMARY, ETC. | |
| Summary, etc | "Over a period of time, the role of Muslim religious leaders in the Indian independence movement has been forgotten; and this work is a timely reminder. The book focuses on the current debate around different interpretations of Jihad. It debunks extremists' interpretation of Jihad, and recalls how Indian Muslim clerics in fact used this idea to fight and, in some cases, lead the freedom struggle against the British"--Provided by publisher. |
| 650 #0 - SUBJECT ADDED ENTRY--TOPICAL TERM | |
| Topical term or geographic name as entry element | Muslims |
| Geographic subdivision | India |
| General subdivision | Politics and government |
| Chronological subdivision | 19th century. |
| 650 #0 - SUBJECT ADDED ENTRY--TOPICAL TERM | |
| Topical term or geographic name as entry element | Muslims |
| Geographic subdivision | India |
| General subdivision | Politics and government |
| Chronological subdivision | 20th century. |
| 650 #0 - SUBJECT ADDED ENTRY--TOPICAL TERM | |
| Topical term or geographic name as entry element | Religious leaders |
| General subdivision | Political activity |
| Geographic subdivision | India |
| General subdivision | History. |
| 650 #0 - SUBJECT ADDED ENTRY--TOPICAL TERM | |
| Topical term or geographic name as entry element | Jihad |
| General subdivision | Political aspects |
| Geographic subdivision | India |
| General subdivision | History. |
| 650 #0 - SUBJECT ADDED ENTRY--TOPICAL TERM | |
| Topical term or geographic name as entry element | Anti-imperialist movements |
| Geographic subdivision | India |
| General subdivision | History. |
| 942 ## - ADDED ENTRY ELEMENTS (KOHA) | |
| Source of classification or shelving scheme | Dewey Decimal Classification |
| Item type | English Books |
| Classification part | 954.08 |
| Call number suffix | HAS |
| Withdrawn status | Lost status | Not for loan | Collection code | Home library | Current library | Date acquired | Source of acquisition | Cost, normal purchase price | Full call number | Barcode | Copy number | Cost, replacement price | Koha item type |
|---|---|---|---|---|---|---|---|---|---|---|---|---|---|
| Not For Loan | Non-fiction | D.B.Act.Division | Bawana | 06/06/2016 | DBAD/PUB | 695.00 | 954.08 HAS | EN-98728 | 1 | 695.00 | English Books |
